Statistics for Countries by Bordering Countries

Click here to take the quiz!

General Stats

  • This quiz has been taken 48 times
  • The average score is 14 of 15

Answer Stats

BordersAnswer% Correct
Canada, MexicoUnited States
100%
Bangladesh, Bhutan, China, Myanmar, Nepal, PakistanIndia
100%
Ireland, (France), (Spain)United Kingdom
98%
Finland, Russia, SwedenNorway
98%
Belarus, Hungary, Moldova, Poland, Romania, Russia, SlovakiaUkraine
95%
East Timor, Malaysia, Papau New GuineaIndonesia
95%
Botswana, Lesotho, Mozambique, Namibia, Swaziland, ZimbabweSouth Africa
93%
Israel, Libya, Sudan, (Palestine)Egypt
93%
Algeria, Mauritania, (Spain), (Western Sahara)Morocco
93%
Dominican RepublicHaiti
90%
Brasil, Ecuador, Panama, Peru, VenezuelaColombia
88%
SenegalGambia
85%
Albania, Macedonia, Montenegro, SerbiaKosovo
85%
Austria, SwitzerlandLiechtenstein
85%
Cameroon, Chad, DRC, Republic of the Congo, South Sudan, SudanCentral African Republic
80%

Score Distribution

Percentile by Number Answered

Percent of People with Each Score

Your Score History

You have not taken this quiz